[Event "Challenge"]
[Site "http://www.queenalice.com/game.php?id=1499021"]
[Date "2017.10.16"]
[Round "-"]
[White "BillieJean"]
[Black "Rolando9302"]
[Result "0-1"]
[WhiteElo "1100"]
[BlackElo "1500"]

1. d4 Nf6 2. Nf3 e6 3. Bf4 b6 4. e3 Bb7 5. Bb5 Be7 6. Nc3 O-O 7. Ne5 d6 8. Bd7
Nbxd7 9. Nc4 Ne4 10. Qd3 f5 11. a3 Nxc3 12. Qxc3 Bxg2 13. Rg1 Bd5 14. h3 Bf6 15.
b3 Qe7 16. Nd2 c5 17. O-O-O cxd4 18. exd4 Rfc8 19. Qg3 e5 20. dxe5 dxe5 21. Be3
Qxa3+ 22. Kb1 e4 23. c3 Bxc3 24. Qxg7+ Bxg7 25. Rxg7+ Kxg7 26. Bd4+ Kf7 27. Bb2
Qc5 28. h4 Qc2+ 29. Ka1 Qxd1+ 30. Ka2 Qxd2 31. Ka1 Bxb3 32. Kb1 Rc1+ 33. Bxc1
Qa2# 0-1

[Event "Challenge"]
[Site "http://www.queenalice.com/game.php?id=1499700"]
[Date "2017.10.20"]
[Round "-"]
[White "BillieJean"]
[Black "GOOD"]
[Result "0-1"]
[WhiteElo "1100"]
[BlackElo "1682"]

1. e4 e5 2. Nc3 Nc6 3. Nf3 Nf6 4. Bc4 h6 5. O-O Bb4 6. a3 Bxc3 7. dxc3 a6 8. h3
Nxe4 9. Nh4 Qxh4 10. f3 Ng3 11. Re1 Qxc4 12. Kh2 Qh4 13. Be3 Nh5 14. Rf1 Qg3+
15. Kg1 d6 16. Bf2 Qg6 17. c4 Bxh3 18. Re1 Qxg2# 0-1

[Event "Challenge"]
[Site "http://www.queenalice.com/game.php?id=1501130"]
[Date "2017.10.30"]
[Round "-"]
[White "knight576"]
[Black "BillieJean"]
[Result "1-0"]
[WhiteElo "2203"]
[BlackElo "1211"]

1. e4 e5 2. Nf3 Nc6 3. Bb5 Nb4 4. O-O a6 5. Ba4 Nf6 6. Nxe5 Nxe4 7. Re1 Nc5 8.
Nxd7+ Ne6 9. Nf6+ Ke7 10. Ne4 Nc6 11. Bxc6 bxc6 12. d4 f5 13. Nc5 Kf7 14. Nxe6
Bxe6 15. Be3 Qb8 16. b3 Bd6 17. c4 Rf8 18. f4 Kg8 19. Bf2 h6 20. Rxe6 Bxf4 21.
g3 Bg5 22. Nd2 Qc8 23. Qe2 a5 24. Nf3 Bd8 25. Re1 c5 26. d5 Rb8 27. Bxc5 Rf7 28.
Ne5 c6 29. Nxc6 f4 30. Re8+ Kh7 31. Rxd8 Qc7 32. Rxb8 fxg3 33. hxg3 Qxg3+ 34.
Qg2 Qxe1+ 35. Kh2 Rf5 36. Rf8 Rg5 37. Qc2+ Rg6 38. Bf2 Qa1 39. Nd4 h5 40. Nf3 h4
41. Bd4 Qf1 42. Ng5+ Kh6 43. Rxf1 Rxg5 44. Be3 1-0

[Event "Challenge"]
[Site "http://www.queenalice.com/game.php?id=1501503"]
[Date "2017.11.1"]
[Round "-"]
[White "BillieJean"]
[Black "GOOD"]
[Result "0-1"]
[WhiteElo "1100"]
[BlackElo "1669"]

1. d4 d5 2. e3 a6 3. a3 Nc6 4. Nf3 Nf6 5. h3 h6 6. Nc3 Bf5 7. Nh4 Bh7 8. Be2 e6
9. O-O Bd6 10. Nf3 Kd7 11. Bd3 Bxd3 12. Qxd3 Qe7 13. Ne2 Rag8 14. Bd2 Kc8 15. c4
dxc4 16. Qxc4 Ne4 17. Be1 g5 18. d5 Nd8 19. Qxe4 exd5 20. Qxd5 g4 21. Nh4 gxh3
22. Nf5 Rxg2+ 23. Kh1 Rh2+ 24. Kg1 Qg5+ 25. Neg3 Bxg3 26. fxg3 Rxb2 27. Bc3 Rg2+
28. Kh1 Rg8 29. Qf3 Rc2 30. Bb4 Nc6 31. Be1 Ne5 32. Qe4 Rc5 33. Qd4 Nd7 34. Qe4
Nf6 35. Qe7 Rxf5 36. Rg1 Nd5 37. Qc5 Nxe3 38. Qa7 Rf1 39. Bf2 Rxf2 40. Qa8+ Kd7
41. Qxb7 Rg2 42. Qxa6 Qxg3 43. Qd3+ Kc8 44. Qxe3 Qh2# 0-1

[Event "Challenge"]
[Site "http://www.queenalice.com/game.php?id=1502091"]
[Date "2017.11.4"]
[Round "-"]
[White "BillieJean"]
[Black "GOOD"]
[Result "0-1"]
[WhiteElo "1100"]
[BlackElo "1671"]

1. e4 e5 2. d3 Nc6 3. Nf3 h6 4. a3 Nf6 5. Nc3 a6 6. Be2 Bc5 7. O-O d6 8. Nh4 Be6
9. Nf5 O-O 10. Nxh6+ gxh6 11. Bxh6 Re8 12. Qd2 Ng4 13. Qd1 Nxh6 14. Qd2 Kh7 15.
Bh5 Rg8 16. Na4 Ba7 17. c4 Bh3 18. Bf3 Bd4 19. Kh1 b5 20. Nc3 Bxc3 21. Qxc3 Bg4
22. Bxg4 Nxg4 23. Qd2 bxc4 24. dxc4 Qh4 25. h3 Nf6 26. Rae1 Nd4 27. Re3 Rab8 28.
Qa5 Rb6 29. Qc3 Ng4 30. Rg3 Nf6 31. Rxg8 Kxg8 32. c5 Rc6 33. Kh2 Ng4+ 34. Kg1
Ne2+ 35. Kh1 Nxc3 36. bxc3 Nxf2+ 37. Kg1 Nxe4 38. cxd6 Nxd6 39. Re1 f6 40. a4
Qxa4 41. Re3 Nf5 42. g3 Nxe3 43. g4 Qa2 44. g5 Rxc3 45. g6 Rc1# 0-1

[Event "Challenge"]
[Site "http://www.queenalice.com/game.php?id=1502225"]
[Date "2017.11.5"]
[Round "-"]
[White "Champignac"]
[Black "BillieJean"]
[Result "1-0"]
[WhiteElo "1989"]
[BlackElo "1175"]

1. e4 e5 2. f4 exf4 3. Nf3 Nf6 4. Nc3 Bc5 5. d4 Bb4 6. Bd3 O-O 7. O-O d6 8. Ne2
Nh5 9. Nxf4 Nf6 10. c3 Ba5 11. a4 h6 12. b4 Bb6 13. a5 g5 14. axb6 gxf4 15. Bxf4
d5 16. e5 Ng4 17. h3 Nxe5 18. Nxe5 f6 19. Qh5 fxe5 20. Qg6+ Kh8 21. Qh7# 1-0

[Event "Let's Play Chess!"]
[Site "http://www.queenalice.com/game.php?id=1502244"]
[Date "2017.11.6"]
[Round "-"]
[White "charles31"]
[Black "BillieJean"]
[Result "1-0"]
[WhiteElo "1712"]
[BlackElo "1150"]

1. Nf3 Nc6 2. e4 Nf6 3. d3 e5 4. Bg5 Ng4 5. Bxd8 Kxd8 6. h3 Bb4+ 7. c3 Bc5 8. d4
exd4 9. cxd4 Bb4+ 10. Nc3 d6 11. hxg4 Bxc3+ 12. bxc3 Bxg4 13. Be2 Re8 14. Qd3
Ne7 15. Ng5 Rf8 16. Bxg4 Ng6 17. O-O h6 18. Nh3 Ne7 19. f3 d5 20. exd5 Nxd5 21.
c4 Nb4 22. Qf5 Re8 23. Qd7# 1-0

[Event "Let's Play Chess!"]
[Site "http://www.queenalice.com/game.php?id=1502279"]
[Date "2017.11.6"]
[Round "-"]
[White "BillieJean"]
[Black "PatricioKM"]
[Result "0-1"]
[WhiteElo "1203"]
[BlackElo "1650"]

1. e4 e5 2. Nf3 Nc6 3. Nc3 Nf6 4. Bc4 Bb4 5. O-O O-O 6. a3 Bxc3 7. bxc3 Nxe4 8.
d3 Nxc3 9. Qd2 Na4 10. Bb5 Nc5 11. Qc3 Ne6 12. h3 d5 13. Be3 d4 14. Nxd4 exd4
15. Qd2 a6 16. Bxc6 bxc6 17. Bf4 Nxf4 18. Qxf4 c5 19. Qe5 Qd6 20. Qe4 Ra7 21.
Qe1 Qg6 22. Qe2 Bxh3 23. g3 Bxf1 24. Qxf1 Rb7 25. Re1 Rb2 26. Qe2 Ra2 27. Qe7
Rxc2 28. Qxc7 Qf5 29. Rf1 Qxd3 30. Qa5 Ra2 31. Qxc5 Qxa3 32. Qxd4 Qa4 33. Qd5
Ra1 34. Qe5 Rxf1+ 35. Kxf1 Qb5+ 36. Qe2 Qxe2+ 37. Kxe2 a5 38. Kd1 Rb8 0-1

[Event "Challenge"]
[Site "http://www.queenalice.com/game.php?id=1502584"]
[Date "2017.11.8"]
[Round "-"]
[White "BillieJean"]
[Black "GOOD"]
[Result "0-1"]
[WhiteElo "1175"]
[BlackElo "1673"]

1. e4 e5 2. Nf3 Nc6 3. Nc3 a6 4. d3 h6 5. a3 Nf6 6. Nh4 d6 7. Be2 Be6 8. O-O Be7
9. Nf5 Bxf5 10. exf5 Qd7 11. Bg4 h5 12. Bh3 Nd4 13. b4 Qc6 14. Rb1 Qxc3 15. Bb2
Qc6 16. c3 Nb5 17. a4 Na7 18. b5 Qb6 19. c4 a5 20. d4 e4 21. Ba3 Nc8 22. c5 dxc5
23. dxc5 Bxc5 24. Bb2 Be7 25. Qd2 O-O 26. Bd4 Qd6 27. Qc3 Nb6 28. Ra1 Nbd5 29.
Qc2 Nf4 30. Bc5 Nxh3+ 31. Kh1 Nxf2+ 32. Rxf2 Qe5 33. Rc1 Ng4 34. Re2 Qxh2# 0-1

[Event "Challenge"]
[Site "http://www.queenalice.com/game.php?id=1502596"]
[Date "2017.11.8"]
[Round "-"]
[White "chesscloud"]
[Black "BillieJean"]
[Result "1-0"]
[WhiteElo "1500"]
[BlackElo "1175"]

1. e4 e5 2. Nf3 Nc6 3. Nc3 a6 4. d4 d6 5. dxe5 dxe5 6. Qxd8+ Kxd8 7. Be2 Nb4 8.
Bd3 Bd6 9. O-O Nf6 10. Bg5 Be6 11. Bxf6+ Be7 12. Bxe7+ Kxe7 13. Nxe5 f6 14. Nf3
c5 15. a3 Nc6 16. Rfe1 c4 17. Be2 b5 18. Nd5+ Kf7 19. Nc7 Bd7 20. Nxa8 Rxa8 21.
Rad1 Be6 22. Nd4 Nd8 23. Nxe6 Nxe6 24. Rd7+ Ke8 25. Rd6 Nc7 26. e5 fxe5 27. Bg4
Ke7 28. Rd7+ Ke8 29. Rxe5+ Kf8 30. Rxc7 Re8 31. Rxe8+ Kxe8 32. Rxg7 a5 33. Rxh7
b4 34. axb4 axb4 35. Be6 Kd8 36. Bxc4 1-0

[Event "Challenge"]
[Site "http://www.queenalice.com/game.php?id=1502830"]
[Date "2017.11.9"]
[Round "-"]
[White "BillieJean"]
[Black "magalhaes_br"]
[Result "0-1"]
[WhiteElo "1203"]
[BlackElo "1234"]

1. e4 e5 2. Nf3 Nc6 3. Nc3 d6 4. Bc4 Nh6 5. h3 Qe7 6. d3 Be6 7. Nb5 a6 8. Nc3
Qf6 9. O-O b5 10. Bg5 Qg6 11. Bb3 f6 12. Be3 Ng4 13. Nh4 Qf7 14. hxg4 g5 15. Nf3
Na5 16. Bd5 Rb8 17. d4 Nb7 18. Bc6+ Bd7 19. Bd5 Be6 20. dxe5 dxe5 21. Qd2 Bc5
22. Bc6+ Bd7 23. Bd5 Qe7 24. Bb3 Nd6 25. Nd5 Qf7 26. Nxc7+ Kf8 27. Nxa6 Qe8 28.
Nxc5 Bc8 29. Qxd6+ Kg7 30. Qxb8 Qe7 31. Qxb5 Rd8 32. Nd2 Bd7 33. Qc4 Rc8 0-1

[Event "Challenge"]
[Site "http://www.queenalice.com/game.php?id=1504083"]
[Date "2017.11.17"]
[Round "-"]
[White "laSolitude"]
[Black "BillieJean"]
[Result "1-0"]
[WhiteElo "1496"]
[BlackElo "1211"]

1. e4 e5 2. Nf3 Nc6 3. d4 Bb4+ 4. c3 Ba5 5. d5 Nce7 6. Nxe5 d6 7. Nf3 Nf6 8. Bg5
Nxe4 9. Bxe7 Qxe7 10. Qa4+ Bd7 11. Qxa5 b6 12. Qb4 Bf5 13. Nbd2 Nc5+ 14. Be2 O-O
15. Qc4 a6 16. O-O-O b5 17. Qf4 Nd3+ 18. Bxd3 Bxd3 19. Rde1 Qd7 20. Re3 Bg6 21.
Ng5 f6 22. Ne6 Rfe8 23. Rhe1 c5 24. Nxc5 dxc5 25. d6 Qc6 26. Re6 Qxg2 27. d7
Rad8 28. Rxe8+ Bxe8 29. Rxe8+ Rxe8 30. dxe8=Q# 1-0

[Event "Invitation"]
[Site "http://www.queenalice.com/game.php?id=1623176"]
[Date "2020.8.8"]
[Round "-"]
[White "fbg"]
[Black "BillieJean"]
[Result "1-0"]
[WhiteElo "1955"]
[BlackElo "1179"]

1. e4 e5 2. Nf3 Nc6 3. a3 Nf6 4. Nc3 Bc5 5. h3 O-O 6. Bb5 a6 7. Bxc6 bxc6 8.
Nxe5 d6 9. Nxc6 Qd7 10. Na5 Bb6 11. Nc4 h6 12. d3 Qe7 13. Be3 c5 14. Nxb6 Qb7
15. Nc4 Qc7 16. Bf4 Ne8 17. Qf3 Rb8 18. Qg3 Qe7 19. Bxh6 Qf6 20. Bf4 g6 21. Nxd6
Nxd6 22. Bxd6 Be6 23. Bxb8 Qd8 24. Be5 f6 25. Bf4 Bf7 26. O-O Qb6 27. Rfb1 Qe6
28. Na4 c4 29. Nc5 Qc6 30. Bh6 Re8 31. b4 cxd3 32. cxd3 a5 33. Nb3 Kh7 34. Qh4
g5 35. Bxg5+ Kg7 36. Qh6+ Kg8 37. Bxf6 Re6 38. Qg7# 1-0

[Event "Challenge"]
[Site "http://www.queenalice.com/game.php?id=1625336"]
[Date "2020.8.29"]
[Round "-"]
[White "BillieJean"]
[Black "fbg"]
[Result "1-0"]
[WhiteElo "1179"]
[BlackElo "1897"]

1. e4 e5 2. Nf3 Nc6 3. Nc3 a6 4. d3 h6 5. h3 Nf6 6. Be3 Bb4 7. Qd2 d6 8. a3 Bxc3
9. Qxc3 Be6 10. Be2 Qd7 11. O-O-O b5 12. d4 exd4 13. Nxd4 Nxd4 14. Bxd4 Qe7 15.
Qc6+ Bd7 16. Qxa8+ Qd8 17. Qxa6 O-O 18. e5 Ne4 19. Bd3 Nxf2 20. Bxf2 Qg5+ 21.
Kb1 Qxe5 22. Rhe1 Qd5 23. b3 Ra8 24. Ba7 Qxg2 25. Be4 Rxa7 26. Qxa7 Qxh3 27.
Qxc7 Bg4 28. Qd8# 1-0